Evaluación del trabajo y resultados: aproximación a los servicios sociales

Guardat en:
Dades bibliogràfiques
Autor principal: Restrepo R., Patricia (Autor)
Format: Llibre
Idioma:espanyol
Publicat: Madrid Consejería de Integración Social 1990
Col·lecció:Serie Informes Técnicos, 2
Matèries:
Etiquetes: Afegir etiqueta
Sense etiquetes, Sigues el primer a etiquetar aquest registre!

MARC

LEADER 00000nam a2200000 a 4500
001 UCX5158
003 CL-VaPUC
008 921001e19900000SP |||||||||||||||||spa|d
082 0 4 |a 361  |b RES  |2 21 
100 0 |a Restrepo R., Patricia  |e author  |9 321469 
245 1 0 |a Evaluación del trabajo y resultados: aproximación a los servicios sociales 
300 |a 140 p 
942 |c BK 
945 |d 19921001 00:00:00 
260 |a Madrid  |b Consejería de Integración Social  |c 1990 
650 7 |a TRABAJO SOCIAL EVALUACION  |2 CL-VaPUC  |9 308998 
583 |a last modification  |c 19921001 00:00:00  |k Rodrigo Vera 
490 0 |a Serie Informes Técnicos, 2 
999 |c 225475  |d 225473 
952 |0 0  |1 0  |4 0  |6 361_000000000000000_RES_1990  |7 0  |8 A  |9 223027  |a BIBGIM  |b BIBGIM  |d 2019-11-15  |i 2918587  |o 361 RES 1990  |p 2918587  |r 2025-01-15  |w 2019-11-15  |y BK  |k SSL